LDR 00991naa#a2200205#i#450# 001 EN\\bibl\123440 005 20260706025600.1 011 ## _a1994-4683 100 ## _a20230731b2023####ek#y0engy0150####ca 102 ## _aRU 200 1# _aOVERCOMING STRESS BY A PERSON UNDER CONDITIONS OF UNCERTAINTY _eJournal article 210 1# _aMoscow _cNational State University of Physical Education, Sports and Health named after P.F. Lesgaft _d2023 215 ## _a5 с. 608 ## _aJournal article _2local 675 ## _aПсихологические типы. Индивидуальная психология. Психология личности. Индивидуальность. Личность.Психология характера. Характерология. Идеосинкрозия. Типы личностей. 159.923 _z 700 #1 _aBostanova _gSvetlana Nikolaevna 700 #1 _aBostanova _gL SH 700 #1 _aDotdueva _gZH B 700 #1 _aCherbieva _gSaidat Visradievna 856 4# _auchzapiski.lesgaft.spb.ru _u